000
00301nam a2200121Ia 4500
008
230627s9999 xx 000 0 und d
041
_a
eng
082
_a
342.540 26
_b
RAI
100
_a
Rai K
245
_a
Constitutional Law Of India
250
_a
5ed.
260
_a
Allahabad
_b
Central Law Agency
_c
2003
999
_c
702649
_d
702649